[Event "N4"]
[Site "?"]
[Date "2007.02.11"]
[Round "5"]
[White "Lanllier, Bruno"]
[Black "Hervet, Gilles"]
[Result "1/2-1/2"]
[WhiteElo "1940"]
[BlackElo "2090"]
[EventDate "2007.04.01"]
[PlyCount "132"]

1.d4 Nf6 2.c4 e5 3.dxe5 Ng4 4.Nf3 Bc5 5.e3 Nc6 6.Be2 Ngxe5 7.Nxe5 Nxe5 8.
a3 a5 9.O-O O-O 10.Nd2 Ra6 11.Ne4 Ba7 12.b4 Qh4 13.Qd5 Re8 14.g3 Rg6 15.c5
c6 16.Qd4 d5 17.Nd6 Qh3 18.Qf4 Ree6 19.Nxc8 Rh6 20.g4 Bb8 21.Nd6 Rxd6 22.
Qg3 Rdg6 23.Qxh3 Rxh3 24.Kg2 Rh4 25.h3 f5 26.f4 fxg4 27.fxe5 gxh3+ 28.Kh1 
Bxe5 29.Rb1 axb4 30.axb4 Rg2 31.Bf3 Rh2+ 32.Kg1 Rh6 33.Rf2 Rg6+ 34.Kf1 Rf6
35.Ke2 Rxf2+ 36.Kxf2 g5 37.Ke2 h2 38.Bd2 Kg7 39.Rh1 Kg6 40.b5 h5 41.bxc6 
bxc6 42.Rf1 g4 43.Bh1 Rxf1 44.Kxf1 Kf5 45.Be1 g3 46.Ke2 h4 47.Kf3 Bb2 48.
Bb4 Ba1 49.Bd2 Bb2 50.Bb4 Bc1 51.Bg2 Bxe3 52.Kxe3 Kg4 53.Ke2 h3 54.Kf1 Kf4
55.Bd2+ Ke5 56.Be1 Kd4 57.Bxg3 hxg2+ 58.Kxg2 Kxc5 59.Bxh2 Kc4 60.Kf2 Kd3 
61.Ke1 c5 62.Kd1 d4 63.Bg1 Kc3 64.Kc1 Kd3 65.Kd1 c4 66.Bxd4 Kxd4 1/2-1/2

[Event "N4"]
[Site "?"]
[Date "2007.02.11"]
[Round "5"]
[White "Carinola, Marco"]
[Black "Boukhris, Khaled"]
[Result "1-0"]
[WhiteElo "1630"]
[BlackElo "1860"]
[EventDate "2007.04.01"]
[PlyCount "96"]

1.c4 Nf6 2.d4 e6 3.Bg5 d5 4.e3 Be7 5.Nf3 Nbd7 6.c5 c6 7.Bd3 Ng4 8.Bf4 f5 
9.h3 Ngf6 10.Ng5 Nf8 11.Nd2 Ng6 12.Bh2 Ne4 13.Ngxe4 fxe4 14.Be2 O-O 15.O-O
b6 16.b4 a5 17.a3 bxc5 18.bxc5 Nh4 19.Bg4 Nf5 20.Rb1 Bg5 21.Re1 Qf6 22.Be5
Qh6 23.Nf1 Bh4 24.g3 Bf6 25.Bc7 Ba6 26.Nd2 a4 27.Qxa4 Bb5 28.Qb4 Ra4 29.
Qc3 Rfa8 30.Rb3 Qg6 31.Ra1 h5 32.Bxf5 Qxf5 33.Kg2 R8a7 34.Bd6 Rf7 35.Qc2 
Bd8 36.Nf1 Ba5 37.Rab1 Rc4 38.Qb2 Kh7 39.Bf4 g5 40.Be5 h4 41.g4 Qf3+ 42.
Kh2 Qxf2+ 43.Qxf2 Rxf2+ 44.Kg1 Ra2 45.R1b2 Ra1 46.Rf2 Rcc1 47.Rf7+ Kg8 48.
Rg7+ Kf8 1-0

[Event "N4"]
[Site "?"]
[Date "2007.02.11"]
[Round "5"]
[White "Camilleri, Herve"]
[Black "Ferreira, Georges"]
[Result "0-1"]
[WhiteElo "1930"]
[BlackElo "1740"]
[EventDate "2007.04.01"]
[PlyCount "88"]

1.e4 e5 2.Nf3 Nc6 3.d4 exd4 4.Nxd4 d6 5.Bb5 Bd7 6.O-O Be7 7.Nxc6 Bxc6 8.
Bxc6+ bxc6 9.Nc3 Bf6 10.Be3 Ne7 11.f4 O-O 12.g4 Ng6 13.Rf3 Bxc3 14.bxc3 c5
15.Rh3 Re8 16.Qd5 Qe7 17.e5 dxe5 18.f5 Nf4 19.Bxf4 exf4 20.Rf1 Rad8 21.Qc4
Qe4 22.Qxe4 Rxe4 23.Kg2 Re2+ 24.Rf2 Rxf2+ 25.Kxf2 Rd2+ 26.Kf3 Rxc2 27.Kxf4
f6 28.Rd3 Rxa2 29.Rd8+ Kf7 30.Rd7+ Ke8 31.Rxc7 Ra4+ 32.Kf3 Rc4 33.Rxa7 
Rxc3+ 34.Ke4 Rc4+ 35.Kf3 Rc3+ 36.Kf2 Rc2+ 37.Kg3 c4 38.Rxg7 Rc3+ 39.Kf2 
Rc2+ 40.Kg3 Rc3+ 41.Kh4 Rc2 42.h3 c3 43.Rxh7 Kd8 44.Rb7 Rb2 0-1

[Event "N4"]
[Site "?"]
[Date "2007.02.11"]
[Round "5"]
[White "Boukhris-Ferre, Yacine"]
[Black "Carinola, Raphael"]
[Result "1/2-1/2"]
[WhiteElo "1860"]
[BlackElo "1540"]
[EventDate "2007.04.01"]
[PlyCount "88"]

1.Nf3 c5 2.e4 e6 3.Nc3 Nc6 4.Bb5 Nd4 5.Nxd4 cxd4 6.Nb1 Qg5 7.Bf1 Nf6 8.d3 
Qa5+ 9.Nd2 e5 10.g3 d5 11.Bg2 dxe4 12.dxe4 Bg4 13.f3 Be6 14.O-O Bc5 15.Kh1
O-O 16.h3 Qc7 17.f4 exf4 18.gxf4 Rad8 19.Qe2 Rfe8 20.Nf3 Nh5 21.Qe1 Bc4 
22.Ng5 Bxf1 23.Bxf1 h6 24.Qh4 hxg5 25.Qxh5 Rxe4 26.Bd3 Re1+ 27.Kg2 Qc6+ 
28.Kf2 g6 29.Qxg5 Rde8 30.f5 Be7 31.Qg4 Bf8 32.fxg6 Qf6+ 33.Kg2 Qc6+ 34.
Kf2 fxg6 35.h4 Qf6+ 36.Kg2 Bd6 37.h5 Kg7 38.b3 Rf8 39.Qxg6+ Qxg6+ 40.hxg6 
Rfe8 41.Bb2 Rxa1 42.Bxa1 Bc5 43.b4 Bb6 44.Kf2 Re3 1/2-1/2

[Event "N4 - Tarbes / Loures-Barousse"]
[Site "?"]
[Date "2007.02.11"]
[Round "5"]
[White "Rich, Philippe"]
[Black "Pfeifer, Andréas"]
[Result "1/2-1/2"]
[WhiteElo "2045"]
[BlackElo "2130"]
[EventDate "2007.02.12"]
[PlyCount "54"]

1.e4 e6 2.d4 d5 3.exd5 exd5 4.c4 Nf6 5.Nc3 Bb4 6.Nf3 O-O 7.Be2 dxc4 8.O-O 
c5 9.Bxc4 Nc6 10.Bg5 cxd4 11.Nd5 Be7 12.Nxe7+ Qxe7 13.Nxd4 Qc5 14.Bxf6 
Qxc4 15.Nxc6 Qxc6 16.Be7 Re8 17.Rc1 Qd7 18.Bb4 Qxd1 19.Rfxd1 Be6 20.a3 a5 
21.Bc3 b5 22.h3 Bc4 23.Re1 a4 24.Rxe8+ Rxe8 25.Re1 Be2 26.f3 Re6 27.Kf2 
Bc4 1/2-1/2

[Event "N4 - Tarbes / Loures-Barousse"]
[Site "?"]
[Date "2007.02.11"]
[Round "5"]
[White "Osete, José"]
[Black "Langlois, Jerome"]
[Result "1-0"]
[WhiteElo "2037"]
[BlackElo "1880"]
[EventDate "2007.02.12"]
[PlyCount "81"]

1.e4 d5 2.exd5 Nf6 3.d4 Nxd5 4.Nf3 g6 5.Be2 Bg7 6.O-O O-O 7.h3 Nd7 8.c4 
N5b6 9.Nc3 Nf6 10.Bf4 c6 11.Qd2 Re8 12.Rad1 Bf5 13.Rfe1 Ne4 14.Nxe4 Bxe4 
15.b3 Bxf3 16.Bxf3 a5 17.Qe3 a4 18.d5 cxd5 19.Bxd5 Nxd5 20.Rxd5 Qc8 21.Rc5
Qd8 22.Rd5 Qc8 23.Red1 Ra6 24.Rd7 axb3 25.axb3 Ra1 26.Qd3 Rxd1+ 27.Qxd1 
Qc6 28.Rc7 Qe4 29.Qd7 Rf8 30.Bg3 Qb1+ 31.Kh2 Qxb3 32.Qxe7 b6 33.Bd6 Qa4 
34.Qe4 Re8 35.Qf3 f5 36.Qd5+ Kh8 37.Qf7 Rg8 38.Bf8 Be5+ 39.g3 Bxg3+ 40.
Kxg3 f4+ 41.Kh2 1-0

[Event "N4 - Tarbes / Loures-Barousse"]
[Site "?"]
[Date "2007.02.11"]
[Round "5"]
[White "Oriot, Patrice"]
[Black "Varmot, Jean-Jacques"]
[Result "1-0"]
[WhiteElo "2180"]
[BlackElo "1950"]
[EventDate "2007.02.12"]
[PlyCount "47"]

1.e4 Nf6 2.e5 Nd5 3.c4 Nb6 4.c5 Nd5 5.Bc4 e6 6.Nc3 Nxc3 7.dxc3 Bxc5 8.Qg4 
d5 9.Qxg7 Rf8 10.Bg5 Be7 11.Bxe7 Qxe7 12.Bd3 h5 13.Nf3 Nc6 14.Ng5 Bd7 15.
Nh7 O-O-O 16.Nxf8 Rxf8 17.O-O d4 18.Rac1 h4 19.cxd4 Nxd4 20.Rc4 Nc6 21.
Rfc1 Qe8 22.b4 Rg8 23.Qf6 Rg6 24.Bxg6 1-0

[Event "N4 - Tarbes / Loures-Barousse"]
[Site "?"]
[Date "2007.02.11"]
[Round "5"]
[White "Lemoine, Benoit"]
[Black "Knecht, Alain"]
[Result "0-1"]
[WhiteElo "2132"]
[BlackElo "2280"]
[EventDate "2007.02.12"]
[PlyCount "60"]

1.e4 e5 2.Nf3 Nc6 3.Bb5 a6 4.Ba4 Nf6 5.O-O b5 6.Bb3 Be7 7.Re1 d6 8.c3 O-O 
9.h3 Na5 10.Bc2 c5 11.d4 Nd7 12.Nbd2 cxd4 13.cxd4 Nc6 14.Nf1 exd4 15.Nxd4 
Nxd4 16.Qxd4 Ne5 17.Ne3 Bxh3 18.f4 Nc6 19.Qd1 Bd7 20.Nd5 Bh4 21.Re3 Ne7 
22.Nc3 b4 23.Ne2 Bg4 24.Qd3 Rc8 25.Bd2 Qb6 26.Kh2 Bf2 27.Nd4 d5 28.e5 Qh6+
29.Rh3 Bxh3 30.gxh3 Bxd4 0-1

[Event "N4 - Tarbes / Loures-Barousse"]
[Site "?"]
[Date "2007.02.11"]
[Round "5"]
[White "Giuriati, Paolo"]
[Black "Tugaye, Francis"]
[Result "1/2-1/2"]
[WhiteElo "2225"]
[BlackElo "2098"]
[EventDate "2007.02.12"]
[PlyCount "136"]

1.d4 Nf6 2.Bf4 c5 3.e3 g6 4.c3 b6 5.Nf3 Bg7 6.Nbd2 O-O 7.Be2 d6 8.h3 e6 9.
O-O Qe7 10.a4 Rd8 11.a5 bxa5 12.Nc4 e5 13.Bh2 cxd4 14.cxd4 e4 15.Nfd2 Nc6 
16.Nxa5 Nxa5 17.Rxa5 Be6 18.Qa4 Rdb8 19.Qa3 Rb6 20.Ra1 Qb7 21.Bxd6 Rxb2 
22.Ba6 Qb6 23.Bc7 Bf8 24.Bxb6 Bxa3 25.R5xa3 axb6 26.Nc4 Bxc4 27.Bxc4 Rxa3 
28.Rxa3 b5 29.Ra8+ Kg7 30.Rb8 Rb4 31.Bf1 Rb1 32.Rxb5 Re1 33.g3 h5 34.Kg2 
Rc1 35.Rc5 Rb1 36.Bc4 Rb7 37.Re5 Kf8 38.g4 hxg4 39.hxg4 Nxg4 40.Rxe4 f5 
41.Rxg4 fxg4 42.Be6 Ke7 43.Bxg4 Rb4 44.Kg3 Kf6 45.Kf4 Rb2 46.f3 g5+ 47.Ke4
Rb3 48.Bc8 Rc3 49.Ba6 Ra3 50.Bc8 Rc3 51.Bh3 Ra3 52.f4 gxf4 53.Kxf4 Ke7 54.
Bf5 Kd6 55.e4 Ra4 56.Ke3 Ra3+ 57.Kd2 Rg3 58.Bc8 Rg8 59.Ba6 Rg3 60.Bd3 Rg7 
61.Bc4 Rg3 62.e5+ Ke7 63.Bd5 Rh3 64.Bb7 Rb3 65.Ba6 Rg3 66.Bd3 Ke6 67.Kc3 
Kd5 68.e6 Kxe6 1/2-1/2

[Event "N4 - Tarbes / Loures-Barousse"]
[Site "?"]
[Date "2007.02.11"]
[Round "5"]
[White "Cordier, Michel"]
[Black "Phalippou, Philippe"]
[Result "1/2-1/2"]
[WhiteElo "1570"]
[BlackElo "1690"]
[EventDate "2007.02.12"]
[PlyCount "111"]

1.d4 Nf6 2.c4 e6 3.Nc3 Bb4 4.Nf3 d5 5.Bg5 c5 6.a3 Bxc3+ 7.bxc3 Qa5 8.Bd2 
Nc6 9.cxd5 Nxd5 10.c4 Nc3 11.Qc1 cxd4 12.e3 Qd8 13.exd4 Ne4 14.Be2 Nxd4 
15.Nxd4 Qxd4 16.Be3 Qf6 17.O-O O-O 18.Qc2 Nd6 19.Rad1 Nf5 20.Bc5 Rd8 21.
Rxd8+ Qxd8 22.Rd1 Qg5 23.Qd3 h6 24.Qd8+ Qxd8 25.Rxd8+ Kh7 26.Bf3 Nh4 27.
Be2 b6 28.Be7 Nf5 29.Bd3 g6 30.Bf6 Bb7 31.Rd7 Ba6 32.Rxf7+ Kg8 33.Rd7 Rc8 
34.Rd8+ Kf7 35.Rxc8 Bxc8 36.Be5 Ke7 37.Bb8 Kd7 38.Bxa7 Kc7 39.c5 bxc5 40.
Bxc5 Kc6 41.Bb4 Kd5 42.Kf1 e5 43.Bxf5 gxf5 44.Ke2 Ke4 45.f3+ Kd4 46.Kd2 e4
47.fxe4 fxe4 48.Bc3+ Kc4 49.Bg7 h5 50.Ke3 Kb3 51.Bf8 Bb7 52.h3 Kc4 53.g3 
Kd5 54.h4 Ke5 55.Be7 Kf5 56.Bd6 1/2-1/2

[Event "N4 - Tarbes / Loures-Barousse"]
[Site "?"]
[Date "2007.02.11"]
[Round "5"]
[White "Carassus, Jean-Louis"]
[Black "Ribou, Jacques"]
[Result "1/2-1/2"]
[WhiteElo "1790"]
[BlackElo "1780"]
[EventDate "2007.02.12"]
[PlyCount "116"]

1.e4 c5 2.f4 g6 3.Nf3 Bg7 4.Nc3 e6 5.Be2 Ne7 6.O-O O-O 7.Rb1 Nbc6 8.Qe1 
Nd4 9.Bd1 Nec6 10.Nxd4 Nxd4 11.Ne2 Nxe2+ 12.Bxe2 d5 13.e5 Bd7 14.c3 Qe7 
15.d3 Bc6 16.Bf3 Bb5 17.Qd1 Rfd8 18.b3 Qd7 19.Ba3 Bf8 20.Rf2 Rab8 21.Qc2 
b6 22.Rd1 Bc6 23.Bc1 Rbc8 24.h4 h5 25.g4 hxg4 26.Bxg4 d4 27.c4 Be7 28.Rh2 
Kg7 29.Bd2 Rh8 30.Be1 Rh6 31.Rh3 Rch8 32.Qh2 Qd8 33.h5 g5 34.Bd2 Kf8 35.
Rf1 Rg8 36.f5 exf5 37.Bxf5 Ke8 38.Qe2 Bd7 39.Qg4 Qc8 40.Bxd7+ Qxd7 41.
Qxd7+ Kxd7 42.Rxf7 Ke6 43.Rf2 Kxe5 44.Rg2 Kf5 45.Rf3+ Ke6 46.Re2+ Kd6 47.
Rf7 Bd8 48.Rh2 a5 49.Rf5 Ke6 50.Rd5 Bc7 51.Re2+ Kf6 52.Rf2+ Bf4 53.Bxf4 
gxf4+ 54.Kf1 Rg4 55.Rh2 Rg5 56.Rd6+ Kg7 57.Rd7+ Kf6 58.Rd6+ Kg7 1/2-1/2

[Event "N4 - Tarbes / Loures-Barousse"]
[Site "?"]
[Date "2007.02.11"]
[Round "5"]
[White "Bunjaku, Rijard"]
[Black "Pietrobon, Fabio"]
[Result "1-0"]
[WhiteElo "1870"]
[BlackElo "2111"]
[EventDate "2007.02.12"]
[PlyCount "113"]

1.e4 c5 2.Nf3 d6 3.Be2 Nf6 4.d3 Nc6 5.Nc3 e6 6.O-O Be7 7.d4 cxd4 8.Nxd4 
O-O 9.Nxc6 bxc6 10.Bg5 Bb7 11.Bd3 e5 12.Qe2 Rb8 13.b3 Nd7 14.Bxe7 Qxe7 15.
Ba6 Ba8 16.Rad1 Rbd8 17.Rd2 Nc5 18.Bc4 Ne6 19.Qe3 Nf4 20.Rfd1 Kh8 21.Ne2 
f5 22.f3 Qg5 23.Nxf4 exf4 24.Qxa7 fxe4 25.fxe4 d5 26.exd5 cxd5 27.Bf1 f3 
28.g3 d4 29.Rf2 Qe3 30.Qa5 Rd5 31.Qd2 Qe5 32.Re1 Qf6 33.Bd3 Re5 34.a4 h5 
35.Rxe5 Qxe5 36.Rf1 Qe3+ 37.Qf2 Re8 38.h4 Re5 39.Rd1 g5 40.Kf1 gxh4 41.
gxh4 Qf4 42.Bg6 Bb7 43.Qxd4 Qh2 44.Qd8+ Kg7 45.Rd7+ Kxg6 46.Qg8+ Kf5 47.
Rf7+ Ke4 48.Qg6+ Kd4 49.Qd3+ Kc5 50.Qb5+ Kd6 51.Qd7+ Kc5 52.b4+ Kc4 53.
Qd3+ Kxb4 54.Rxb7+ Kc5 55.Rb5+ Kc6 56.Qxf3+ Kc7 57.Qc3+ 1-0

[Event "REG1BR5M1"]
[Site "?"]
[Date "2007.02.11"]
[Round "5"]
[White "Le Gallen, Luc"]
[Black "Egea, Claude"]
[Result "1-0"]
[WhiteElo "2040"]
[BlackElo "1650"]
[EventDate "2007.??.??"]
[PlyCount "43"]
[WhiteTeam "TOURNEFEUILLE-3"]
[BlackTeam "AUCH"]

1.e4 e5 2.Nf3 Nf6 3.Nxe5 d6 4.Nf3 Nxe4 5.d4 d5 6.Bd3 Bg4 7.O-O Bd6 8.c4 c6
9.Nc3 f5 10.Qe2 O-O 11.cxd5 Nxc3 12.Qe6+ Kh8 13.Bg5 Qc7 14.bxc3 Bxf3 15.
gxf3 Bxh2+ 16.Kg2 cxd5 17.Rh1 Qxc3 18.Bxf5 h6 19.Rxh2 Qxd4 20.Rxh6+ gxh6 
21.Qxh6+ Kg8 22.Qh7# 1-0

[Event "REG1BR5M1"]
[Site "?"]
[Date "2007.02.11"]
[Round "5"]
[White "Rouede, Gilbert"]
[Black "Moisselin-Stoll, Jean-Marc"]
[Result "1-0"]
[WhiteElo "1820"]
[BlackElo "1550"]
[EventDate "2007.??.??"]
[PlyCount "73"]
[WhiteTeam "AUCH"]
[BlackTeam "TOURNEFEUILLE 3"]

1.e4 e5 2.Nf3 Nf6 3.d3 Nc6 4.Nc3 Bb4 5.Bd2 O-O 6.Be2 d5 7.exd5 Nxd5 8.O-O 
Bxc3 
    ( 8...Nxc3 9.bxc3 Bc5 {était meilleur: conserve la paire de fous.} )
9.bxc3 Bg4 10.h3 Bh5 11.Rb1 b6 12.Qc1 Qd6 13.Re1 Rae8 14.Ng5 Bg6 15.Bf3 f5
16.c4 Nf6 17.Bxc6 Qxc6 18.Bb4 Nh5 19.Bxf8 Nf4 20.Nf3 Kxf8 21.Qa3+ Kg8 22.
Qb3 Nxh3+ 23.Kf1 Nf4 24.Qb5 Qxb5 25.Rxb5 e4 26.dxe4 c6 27.Re5 Rd8 28.exf5 
Bf7 29.R5e4 Nh5 30.Ne5 Nf6 31.Nxf7 Kxf7 32.Re7+ Kf8 33.Rxa7 Rd4 34.Rb1 Ne4
35.Rxb6 Rd1+ 36.Ke2 Nc3+ 37.Kf3 1-0

[Event "REG1BR5M1"]
[Site "?"]
[Date "2007.02.11"]
[Round "5"]
[White "Pinault, Maylis"]
[Black "Join, Etienne"]
[Result "*"]
[WhiteElo "1780"]
[BlackElo "1460"]
[EventDate "2007.??.??"]
[PlyCount "98"]
[WhiteTeam "TOURNEFEUILLE 3"]
[BlackTeam "AUCH"]

1.e4 e6 2.d4 d5 3.exd5 exd5 4.Bd3 Nc6 5.c3 Bd6 6.Ne2 Nf6 7.Bg5 Bg4 8.O-O 
h6 9.Bxf6 Qxf6 10.Re1 O-O 11.Qb3 Qh4 12.Ng3 Rfe8 13.Nd2 Qg5 14.Ndf1 b6 15.
Rxe8+ Rxe8 16.Qa4 Bd7 17.Bb5 Bxg3 18.Nxg3 Qg6 19.Bxc6 Qxc6 20.Qxc6 Bxc6 
21.a3 g6 22.Rd1 Bb5 23.Rc1 f5 24.f4 h5 25.h4 Re3 26.Kf2 Rd3 27.Rc2 Kf7 28.
Ne2 Ba4 29.Rc1 Rd2 30.Rb1 Bb5 31.Re1 Rxb2 32.Kf3 Bxe2+ 33.Rxe2 Rb3 34.Rc2 
Rxa3 35.Ke2 Ke6 36.c4 c6 37.cxd5+ Kxd5 38.Kd1 Rd3+ 39.Ke1 Rxd4 40.g3 Rd3 
41.Kf2 a5 42.Re2 Kc5 43.Re6 Rd6 44.Re5+ Kc4 45.Re1 a4 46.Ra1 b5 47.Rc1+ 
Kb4 48.Rb1+ Ka5 49.Ke2 b4 *

[Event "REG1BR5M1"]
[Site "?"]
[Date "2007.02.11"]
[Round "5"]
[White "Garrel, Pascal"]
[Black "Devecchi, Jorge"]
[Result "1/2-1/2"]
[WhiteElo "1693"]
[BlackElo "1890"]
[EventDate "2007.??.??"]
[PlyCount "22"]
[WhiteTeam "TOURNEFEUILLE 3"]
[BlackTeam "AUCH"]

1.c4 d5 2.cxd5 Nf6 3.e4 e6 4.Qa4+ Bd7 5.Qb3 exd5 6.e5 Qe7 7.Qxb7 Qxe5+ 8.
Be2 Bc6 9.Qc8+ Ke7 10.Nf3 Qd6 11.b3 Bd7 1/2-1/2

[Event "REG1BR1M1"]
[Site "?"]
[Date "2007.02.11"]
[Round "5"]
[White "Cazard, Nicolas"]
[Black "Blondelon, Paul"]
[Result "0-1"]
[WhiteElo "1520"]
[BlackElo "1099"]
[EventDate "2007.??.??"]
[PlyCount "106"]
[WhiteTeam "TOURNEFEUILLE 3"]
[BlackTeam "AUCH"]

1.d4 Nf6 2.c4 d6 3.Nf3 g6 4.g3 Bg7 5.Bg2 c6 6.O-O Nbd7 7.Nc3 Nb6 8.c5 dxc5
9.dxc5 Qxd1 10.Rxd1 Nbd5 11.Nxd5 Nxd5 12.Ng5 e6 13.e4 Nf6 14.Rb1 h6 15.Nh3
g5 16.e5 Nd5 17.Re1 Nb4 18.a3 Nd3 19.Rd1 Nxc5 20.b4 Nd7 21.f4 gxf4 22.gxf4
f5 23.Bb2 Nb6 24.Rd2 Nd5 25.Rbd1 Ke7 26.b5 Bd7 27.a4 Rad8 28.bxc6 Bxc6 29.
Ba3+ Kf7 30.Bxd5 Bxd5 31.a5 Rhg8 32.Kf2 Bf8 33.Bxf8 Rdxf8 34.Rb1 Rg2+ 35.
Ke3 a6 36.Rxg2 Bxg2 37.Rxb7+ Bxb7 38.Nf2 Rc8 39.Nd3 Rc2 40.h4 Ra2 41.h5 
Rxa5 42.Kd4 Ra2 43.Ke3 Rh2 44.Kd4 Rxh5 45.Nc5 Bc8 46.Nd3 Rh1 47.Kc3 h5 48.
Nf2 Ra1 49.Kd3 Bb7 50.Ke3 a5 51.Kd3 a4 52.Kc2 Ra2+ 53.Kc3 Rxf2 0-1

[Event "R1 Castel-CEIT4"]
[Site "Castellaneta ITA"]
[Date "2007.02.11"]
[Round "5"]
[White "Vainguer, Guillaume"]
[Black "Landes, Rene"]
[Result "1-0"]
[WhiteElo "1840"]
[BlackElo "1817"]
[EventDate "2007.??.??"]
[PlyCount "75"]

1.Nf3 d5 2.e3 Nf6 3.c4 e6 4.Nc3 c6 5.Qb3 Qc7 6.Be2 Nbd7 7.d4 dxc4 8.Bxc4 
Nb6 9.Bd3 Be7 10.Bd2 Bd7 11.Rc1 Nbd5 12.Ne4 Nxe4 13.Bxe4 Qb6 14.Qc2 f5 15.
Bd3 Nb4 16.Bxb4 Bxb4+ 17.Nd2 Qa5 18.a3 Bxd2+ 19.Qxd2 Qxd2+ 20.Kxd2 Ke7 21.
Rc5 Rhf8 22.Re5 Rad8 23.f4 Bc8 24.Bc4 b6 25.b4 Rd6 26.Rg1 Rf6 27.g4 Rg6 
28.g5 Bb7 29.h4 h5 30.Bd3 Kf7 31.Rc1 Rd5 32.Bxf5 exf5 33.Rxd5 cxd5 34.Rc7+
Ke6 35.Rxb7 Kd6 36.Rxa7 Kc6 37.a4 Kd6 38.b5 1-0

[Event "R1 Castel-CEIT4"]
[Site "Castellaneta ITA"]
[Date "2007.02.11"]
[Round "5"]
[White "Tillol, Jean Claude"]
[Black "Benayoun, David"]
[Result "0-1"]
[WhiteElo "1710"]
[BlackElo "1710"]
[EventDate "2007.??.??"]
[PlyCount "140"]

1.Nf3 b6 2.e3 Bb7 3.d4 g6 4.Bc4 d5 5.Bd3 Bg7 6.b3 Nf6 7.Nc3 O-O 8.Bb2 Nbd7
9.b4 c6 10.a3 Qc7 11.Ne2 Nh5 12.Ng3 Nhf6 13.h4 h5 14.c4 Ng4 15.Nh2 Nxe3 
16.Qf3 Nxc4 17.Bc3 e5 18.Bxc4 dxc4 19.Qd1 exd4 20.Bxd4 Bxd4 21.Qxd4 Qe5+ 
22.Qxe5 Nxe5 23.O-O Nd3 24.Ne4 Bc8 25.Nf3 Kg7 26.Nd6 Bg4 27.Nxc4 b5 28.
Nce5 Nxe5 29.Nxe5 Rac8 30.Rac1 Be6 31.Nxc6 Bc4 32.Nxa7 Ra8 33.Rxc4 bxc4 
34.Nb5 Rfb8 35.Nd6 c3 36.Rc1 Rxa3 37.b5 Rb3 38.Rc2 Rb6 39.Ne4 R6xb5 40.
Rxc3 Rxc3 41.Nxc3 Rc5 42.Ne2 Rc4 43.g3 Rc2 44.Nf4 Ra2 45.Kg2 Kf6 46.Nh3 
Kf5 47.Nf4 Kg4 48.Nd5 Kf5 49.Nf4 Ke4 50.Nh3 Kd3 51.Nf4+ Kd2 52.Nh3 Ke1 53.
Kg1 f6 54.Nf4 g5 55.hxg5 fxg5 56.Nd3+ Kd2 57.Nc5 g4 58.Ne4+ Kd3 59.Nf6 Ra5
60.Kf1 Rf5 61.Ne8 h4 62.Ng7 Rf7 63.Nh5 h3 64.Nf4+ Kd2 65.Kg1 Ra7 66.Kh2 
Ke1 67.Kg1 Ra1 68.Kh2 Ra2 69.Nxh3 gxh3 70.Kxh3 Kxf2 0-1

[Event "R1 Castel-CEIT4"]
[Site "Castellaneta ITA"]
[Date "2007.02.11"]
[Round "5"]
[White "Muneret, Maurice"]
[Black "Cebollero, Daniel"]
[Result "1-0"]
[WhiteElo "1699"]
[BlackElo "1690"]
[EventDate "2007.??.??"]
[PlyCount "111"]

1.Nf3 d5 2.d4 c6 3.e3 Nf6 4.Bd3 Bg4 5.Nbd2 e6 6.c3 Bd6 7.Qc2 Nbd7 8.b4 O-O
9.O-O Nb6 10.Ne5 Bh5 11.f4 h6 12.a3 Bxe5 13.fxe5 Ng4 14.Nf3 Nc4 15.Bxc4 
dxc4 16.h3 f5 17.hxg4 fxg4 18.Nh2 Qh4 19.Qe4 Rxf1+ 20.Nxf1 Rf8 21.g3 Qg5 
22.Nh2 Bg6 23.Qxg4 Qxg4 24.Nxg4 Rf3 25.Kg2 Be4 26.Nf2 Rxe3+ 27.Nxe4 Rxe4 
28.Kf2 Rg4 29.Bf4 g5 30.Kf3 h5 31.Be3 Kg7 32.a4 a6 33.b5 Kg6 34.bxa6 bxa6 
35.Rh1 a5 36.Rh2 Kh6 37.d5 cxd5 38.Bb6 Kg6 39.Bd4 Re4 40.Rb2 Kf5 41.Rb5 h4
42.gxh4 Rxh4 43.Rxa5 Rf4+ 44.Kg3 Rg4+ 45.Kf3 Rf4+ 46.Ke3 g4 47.Ra8 Rf3+ 
48.Ke2 Ke4 49.Re8 Rh3 50.Rxe6 Rh2+ 51.Kf1 Ra2 52.Ra6 g3 53.Rf6 g2+ 54.Kg1 
Rxa4 55.Kxg2 Ra7 56.Bxa7 1-0

[Event "R1 Castel-CEIT4"]
[Site "Castellaneta ITA"]
[Date "2007.02.11"]
[Round "5"]
[White "Dirat, Sylvain"]
[Black "Dia, Hussein"]
[Result "1-0"]
[WhiteElo "1760"]
[BlackElo "1699"]
[EventDate "2007.??.??"]
[PlyCount "79"]

1.d4 d5 2.Bg5 f6 3.Bh4 Nh6 4.e3 Nf5 5.Bd3 Qd6 6.Bxf5 Bxf5 7.Nc3 Nc6 8.a3 
a6 9.Nf3 O-O-O 10.Bg3 e5 11.O-O g5 12.dxe5 Nxe5 13.Bxe5 fxe5 14.e4 dxe4 
15.Qxd6 Bxd6 16.Nxg5 Rhg8 17.Ngxe4 Rg6 18.f3 Rdg8 19.Nxd6+ cxd6 20.Rf2 h5 
21.Nd5 Kd7 22.c4 h4 23.Kh1 h3 24.g3 Be6 25.Rd1 Rf8 26.b3 Bg4 27.Rdf1 Be6 
28.Nc3 Kc6 29.f4 Rgf6 30.Ne4 Rf5 31.Rd1 d5 32.cxd5+ Bxd5 33.Rc2+ Kb6 34.
Rxd5 exf4 35.Rxf5 Rxf5 36.g4 Re5 37.Rc4 f3 38.Kg1 Rd5 39.Kf2 Rd3 40.Rc3 
1-0

[Event "R1 Castel-CEIT4"]
[Site "Castellaneta ITA"]
[Date "2007.02.11"]
[Round "5"]
[White "Chimargounof, Georges"]
[Black "Prieur, Axel"]
[Result "1-0"]
[WhiteElo "1520"]
[BlackElo "1640"]
[EventDate "2007.??.??"]
[PlyCount "89"]

1.d4 Nf6 2.c4 e6 3.Nc3 Bb4 4.e3 O-O 5.Bd3 b6 6.Ne2 Bb7 7.O-O d5 8.a3 Bxc3 
9.Nxc3 c5 10.f3 dxc4 11.Bxc4 cxd4 12.exd4 h6 13.Be3 Ba6 14.b3 Bxc4 15.bxc4
Nc6 16.Ne4 Na5 17.Rc1 Rc8 18.Qd3 Nd7 19.Rfd1 f5 20.Nd6 Rc6 21.c5 Nf6 22.
Bd2 bxc5 23.dxc5 a6 24.Qc3 Nb7 25.Nxb7 Qb8 26.Na5 Rcc8 27.Qc4 Qe5 28.Re1 
Qb2 29.Qxe6+ Kh8 30.Bb4 Qd4+ 31.Qe3 Qh4 32.c6 Rfe8 33.Qf2 Qf4 34.Rxe8+ 
Rxe8 35.Qd2 Qc7 36.Bd6 Qa7+ 37.Qf2 Qa8 38.Qc5 Rc8 39.c7 Ne8 40.Nc4 Qb7 41.
Nb6 Nxd6 42.Qxd6 Kh7 43.Nxc8 Qxc8 44.Rc6 Qe8 45.Qg6+ 1-0

[Event "R1 Castel-CEIT4"]
[Site "Castellaneta ITA"]
[Date "2007.02.11"]
[Round "5"]
[White "Bedel, Jean"]
[Black "Riviere, Frederic"]
[Result "0-1"]
[WhiteElo "1780"]
[BlackElo "1840"]
[EventDate "2007.??.??"]
[PlyCount "60"]

1.d4 d5 2.c4 dxc4 3.Nf3 Nf6 4.e3 Bf5 5.Bxc4 e6 6.Nc3 c6 7.O-O Nbd7 8.a3 
Bd6 9.Re1 Ne4 10.Nxe4 Bxe4 11.b4 O-O 12.Bb2 Nf6 13.Nd2 Qe7 14.Nxe4 Nxe4 
15.Qd3 Bxh2+ 16.Kf1 Qh4 17.Qc2 Bc7 18.Bc3 a5 19.Reb1 Rfd8 20.bxa5 Bxa5 21.
Bxa5 Rxa5 22.Bd3 Nd6 23.Ke1 e5 24.dxe5 Rxe5 25.Qe2 g6 26.Rb4 Qf6 27.Rc1 
Rh5 28.Qg4 Rh1+ 29.Bf1 Nf5 30.Rxb7 Rxf1+ 0-1

[Event "R1 - Tarbes 2 - Lardenne"]
[Site "Tarbes"]
[Date "2007.02.11"]
[Round "5"]
[White "Strub, Bruno"]
[Black "Aznar, Georges"]
[Result "0-1"]
[WhiteElo "1360"]
[BlackElo "1500"]
[EventDate "2007.??.??"]
[PlyCount "120"]

1.e4 e5 2.Nf3 Nc6 3.Bb5 Nf6 4.O-O Nxe4 5.d4 a6 6.Bd3 d5 7.dxe5 Bg4 8.Bxe4 
dxe4 9.Qxd8+ Rxd8 10.Nfd2 Bf5 11.Nc3 Bb4 12.Ndxe4 Bxc3 13.Nxc3 Bxc2 14.Bf4
Nd4 15.Bg5 Rd7 16.Rfe1 Ne6 17.Bh4 O-O 18.Rac1 Rd2 19.Re2 Rxe2 20.Nxe2 Bd3 
21.Nc3 c6 22.Be7 Re8 23.Bd6 Nf8 24.f4 Ng6 25.g3 h5 26.Na4 Bf5 27.Nc5 b6 
28.Nxa6 Ra8 29.Nb4 c5 30.Nd5 Rxa2 31.Nxb6 Rxb2 32.Bxc5 Bh3 33.Bf2 Ne7 34.
Nc4 Ra2 35.Na3 Nd5 36.Nb5 Nb4 37.Bd4 Nd3 38.Rd1 Rg2+ 39.Kh1 Nf2+ 40.Bxf2 
Rxf2 41.Nc3 Rc2 42.Ne4 Bg2+ 43.Kg1 Bxe4 44.Re1 Bd5 45.f5 Rg2+ 46.Kf1 Rxh2 
47.e6 fxe6 48.fxe6 Rh1+ 49.Kf2 Rxe1 50.Kxe1 Bxe6 51.Kf2 g5 52.Kf3 Kf7 53.
Ke3 Kf6 54.Ke4 h4 55.gxh4 gxh4 56.Kf4 h3 57.Kg3 Kg5 58.Kh2 Kh4 59.Kh1 Kg3 
60.Kg1 Bd5 0-1

[Event "R1 - Tarbes 2 - Lardenne"]
[Site "Tarbes"]
[Date "2007.02.11"]
[Round "5"]
[White "Reynes, Philippe"]
[Black "Bildstein, Gérard"]
[Result "1-0"]
[WhiteElo "1770"]
[BlackElo "1740"]
[EventDate "2007.??.??"]
[PlyCount "87"]

1.g4 d5 2.Bg2 Bxg4 3.c4 Be6 4.Qb3 Qc8 5.cxd5 Bd7 6.Nc3 Nf6 7.e4 e5 8.Nf3 
Bd6 9.d4 Ng4 10.h3 exd4 11.Nxd4 Ne5 12.Be3 Nd3+ 13.Kd2 Nc5 14.Qc2 Nba6 15.
a3 b6 16.f4 O-O 17.e5 Be7 18.d6 cxd6 19.Bxa8 Qxa8 20.Rag1 dxe5 21.fxe5 Kh8
22.Rh2 Ne6 23.Rhg2 Nac5 24.b4 Nxd4 25.Bxd4 Ne6 26.Be3 Bc6 27.Rh2 Rd8+ 28.
Kc1 Nd4 29.Bxd4 Rxd4 30.Rd2 Qd8 31.Rxd4 Qxd4 32.Ne2 Qd5 33.Qc3 h6 34.Kb2 
a5 35.Nd4 axb4 36.axb4 Ba4 37.Nf5 Bf8 38.Rg3 Qe4 39.Nd6 Qd5 40.Rd3 Qe6 41.
Qd4 Kg8 42.b5 Bxd6 43.exd6 Bxb5 44.d7 1-0

[Event "R1 - Tarbes 2 - Lardenne"]
[Site "Tarbes"]
[Date "2007.02.11"]
[Round "5"]
[White "Martinez, Benito"]
[Black "Parpinel, Mario"]
[Result "0-1"]
[WhiteElo "1810"]
[BlackElo "1840"]
[EventDate "2007.??.??"]
[PlyCount "72"]

1.e4 e5 2.f4 exf4 3.Nf3 g5 4.h3 d5 5.e5 Be7 6.d4 Nc6 7.Bb5 Bd7 8.Nc3 Be6 
9.Bxc6+ bxc6 10.Qe2 Nh6 11.Bd2 Nf5 12.Qa6 Qd7 13.Ne2 h6 14.a3 O-O 15.Bb4 
Bxb4+ 16.axb4 Ne3 17.Kf2 Rfb8 18.c3 Rb6 19.Qa3 Nc2 20.Qa2 Nxa1 21.Qxa1 
Rbb8 22.g4 Kg7 23.Nc1 Rh8 24.Nd3 Qe7 25.Qa6 h5 26.gxh5 Rxh5 27.Qxc6 Rah8 
28.Rg1 Bxh3 29.Nxf4 Bd7 30.Qxd5 c6 31.Qa5 g4 32.Qxa7 Rh2+ 33.Ke3 Rxb2 34.
Rxg4+ Kf8 35.Rg5 Rc2 36.Kd3 Bf5+ 0-1